| 000 | 00609nam a2200193 4500 | ||
|---|---|---|---|
| 001 | 118073 | ||
| 003 | ES-MaACL | ||
| 005 | 20230906191027.0 | ||
| 007 | t| | ||
| 008 | 070214s1970 sp r ||||1| spa d | ||
| 100 | 1 |
_aParasnis, D. S. _988938 |
|
| 245 | 1 | 0 |
_aPrincipios de Geofísica Aplicada / _cpor D. S. Parasnis ; traducción, notas y apéndice por Ernesto Orellana. |
| 260 |
_aMadrid : _bParaninfo, _c1970. |
||
| 300 |
_a208 p. : _bil. ; _c22 cm. |
||
| 700 | 1 |
_aOrellana, Ernesto. _987224 |
|
| 852 |
_aES-MaACL _jC-46164 _bR.73839 |
||
| 852 |
_aES-MaACL _jG-10839 _bR.114590 |
||
| 999 |
_c118073 _d118073 |
||